[Event "POL-chT U19 2nd League"]
[Site "Szczyrk"]
[Date "2014.07.30"]
[Round "8.16"]
[White "Fiedorek, Michal"]
[Black "Gawor, Jan Pawel"]
[Result "1-0"]
[WhiteElo "1405"]
[BlackElo "1551"]
[PlyCount "127"]
[EventDate "2014.07.25"]
[EventType "team-swiss"]
[EventRounds "11"]
[EventCountry "POL"]
[SourceTitle "EXT 2015"]
[Source "ChessBase"]
[SourceDate "2014.11.20"]
[SourceVersion "1"]
[SourceVersionDate "2014.11.20"]
[SourceQuality "1"]
[WhiteTeam "Legnica Miedz U19"]
[BlackTeam "Wieliczka MKS MOS U19"]
[WhiteTeamCountry "POL"]
[BlackTeamCountry "POL"]

1. e4 c5 2. Nf3 Nc6 3. d4 cxd4 4. Nxd4 Nf6 5. Nc3 e5 6. Ndb5 d6 7. Bg5 a6 8. Na3 b5 9. Nd5 Be7 10. Bxf6 Bxf6 11. c4 b4 12. Nc2 a5 13. Qf3 Be6 14. Rd1 Bxd5 15. Rxd5 Ne7 16. Rd3 Qc7 17. b3 Bg5 18. g3 Bh6 19. Qg4 g6 20. h4 Bg7 21. h5 Rd8 22. Bh3 a4 23. 0-0 axb3 24. axb3 Qc5 25. Kg2 Rg8 26. f4 f5 27. exf5 gxf5 28. Qe2 exf4 29. Rxf4 Be5 30. Rf1 f4 31. g4 Qc6+ 32. Qf3 Qxf3+ 33. Kxf3 Nc6 34. Rd5 Rb8 35. Re1 Kf7 36. Ke4 Rge8 37. Rf1 Kg7 38. g5 Re7 39. Bf5 Rf7 40. Be6 Re7 41. Bf5 Ree8 42. Bd7 Ne7 43. Rxe5 dxe5 44. Bxe8 Rxe8 45. Kxe5 Nc6+ 46. Kd5 Na5 47. Nxb4 Rd8+ 48. Ke4 Re8+ 49. Kd5 Rd8+ 50. Ke4 Re8+ 51. Kf5 Nxb3 52. Rxf4 Rf8+ 53. Kg4 Rb8 54. Nd5 Nd2 55. h6+ Kg8 56. Ne7+ Kh8 57. c5 Re8 58. c6 Ne4 59. c7 Nd6 60. Rd4 Rf8 61. Kh5 Re8 62. Rxd6 Rg8 63. Rd8 Rxd8 64. cxd8Q# 1-0

[Event "POL-chT U19 1st League"]
[Site "Karpacz"]
[Date "2013.07.27"]
[Round "6"]
[White "Lis, Mateusz"]
[Black "Gawor, Jan Pawel"]
[Result "1-0"]
[WhiteElo "1717"]
[BlackElo "1548"]
[PlyCount "67"]
[EventDate "2013.07.22"]
[EventType "team-tourn"]
[EventRounds "9"]
[EventCountry "POL"]
[SourceTitle "EXT 2014"]
[Source "ChessBase"]
[SourceDate "2013.11.20"]
[SourceVersion "1"]
[SourceVersionDate "2013.11.20"]
[SourceQuality "1"]
[WhiteTeam "Katowice Hetman Szopienice U19"]
[BlackTeam "Wieliczka MKS MOS U19"]
[WhiteTeamCountry "POL"]
[BlackTeamCountry "POL"]

1. e4 e5 2. Nf3 Nc6 3. Bb5 a6 4. Bxc6 dxc6 5. 0-0 Bg4 6. h3 h5 7. d3 Qf6 8. Nbd2 Ne7 9. Re1 Ng6 10. d4 Bd6 11. c3 Rd8 12. Qc2 Bxf3 13. Nxf3 Nf4 14. Bxf4 Qxf4 15. Rad1 Ke7 16. Qe2 g6 17. a3 Rhe8 18. b4 Kf8 19. g3 Qh6 20. dxe5 Be7 21. Rxd8 Rxd8 22. Rd1 Qh8 23. Rxd8+ Bxd8 24. Qd2 Kg7 25. Qd7 Qf8 26. Kg2 Qe7 27. Qd4 f6 28. exf6+ Qxf6 29. e5 Qe7 30. Nd2 b5 31. Ne4 Kf7 32. Nc5 g5 33. e6+ Kg6 34. Nb7 1-0